000
00287nam a2200121Ia 4500
008
170620s9999 xx 000 0 und d
100
_a
KADAM S.S
245
0
_a
PRINCIPALES OF MEDICAL CHEMISTRY
260
_b
NIRALI PRAKASHAN
260
_c
2008
300
_a
472
546
_a
English
690
_a
MEDICAL CHEMISTRY
999
_c
31131
_d
31131